Statistics for All FIFA and Olympic Football (Soccer) Champions by Year

Click here to take the quiz!

General Stats

  • This quiz has been taken 1,957 times
    (1,353 since last reset)
  • The average score is 7 of 10

Answer Stats

1st2nd3rdAnswer% Correct
031Brazil
93%
313Germany
87%
823USA
82%
120Japan
70%
001England
66%
002Canada
64%
020China
62%
010Netherlands
61%
023Sweden
58%
211Norway
50%

Score Distribution

Percentile by Number Answered

Percent of People with Each Score

Your Score History

You have not taken this quiz since the last reset